| 000 | 00568nam a2200205Ia 4500 | ||
|---|---|---|---|
| 003 | OSt | ||
| 005 | 20251106151139.0 | ||
| 008 | 220923b |||||||| |||| 00| 0 urd d | ||
| 037 | _cTB | ||
| 040 |
_aARTS _cARTS _burd |
||
| 041 |
_2urd _aurd |
||
| 084 |
_aO168wN M4 _qAL |
||
| 100 |
_aMumtaz Fakhira _9205642 |
||
| 245 | 0 | _aUrdu me fun swawn e nigari ka irtaqa (1914 se 1975 tak) | |
| 260 | _c1984 | ||
| 300 |
_a300p. _ccm. |
||
| 650 |
_aURDU LITERATURE _9850317 |
||
| 942 |
_hO168wN M4 _cTB _2CC _n0 |
||
| 999 |
_c432604 _d432604 |
||